<?xml version="1.0" encoding="UTF-8"?><?xml-stylesheet type="text/xsl" href="static/style.xsl"?><OAI-PMH xmlns="http://www.openarchives.org/OAI/2.0/" xmlns:xsi="http://www.w3.org/2001/XMLSchema-instance" xsi:schemaLocation="http://www.openarchives.org/OAI/2.0/ http://www.openarchives.org/OAI/2.0/OAI-PMH.xsd"><responseDate>2026-04-17T05:37:19Z</responseDate><request verb="GetRecord" identifier="oai:www.recercat.cat:10256/15053" metadataPrefix="marc">https://recercat.cat/oai/request</request><GetRecord><record><header><identifier>oai:recercat.cat:10256/15053</identifier><datestamp>2024-06-14T08:52:12Z</datestamp><setSpec>com_2072_452955</setSpec><setSpec>com_2072_2054</setSpec><setSpec>col_2072_453061</setSpec></header><metadata><record xmlns="http://www.loc.gov/MARC21/slim" xmlns:dcterms="http://purl.org/dc/terms/" xmlns:xsi="http://www.w3.org/2001/XMLSchema-instance" xmlns:doc="http://www.lyncode.com/xoai" xsi:schemaLocation="http://www.loc.gov/MARC21/slim http://www.loc.gov/standards/marcxml/schema/MARC21slim.xsd">
   <leader>00925njm 22002777a 4500</leader>
   <datafield ind2=" " ind1=" " tag="042">
      <subfield code="a">dc</subfield>
   </datafield>
   <datafield ind2=" " ind1=" " tag="720">
      <subfield code="a">Rabionet Díaz, Marc</subfield>
      <subfield code="e">author</subfield>
   </datafield>
   <datafield ind2=" " ind1=" " tag="720">
      <subfield code="a">Puig i Miquel, Teresa</subfield>
      <subfield code="e">author</subfield>
   </datafield>
   <datafield ind2=" " ind1=" " tag="720">
      <subfield code="a">Ciurana, Quim de</subfield>
      <subfield code="e">author</subfield>
   </datafield>
   <datafield ind2=" " ind1=" " tag="260">
      <subfield code="c">2017</subfield>
   </datafield>
   <datafield ind2=" " ind1=" " tag="520">
      <subfield code="a">Only a small cell population of a breast tumour presents stem cell characteristics, thus so-called breast cancer stem cells (BCSCs). BCSCs are tumour-initiating cells and chemoresistant and they can grow in non-adherent conditions as mammospheres. Study of BCSCs is a challenge due to their low representation and the inability to propagate them without inducing differentiation. Previous studies have demonstrated that three-dimensional (3D) cell culture models such as scaffolds enhance the BCSCs population.&#xd;
&#xd;
In this project, scaffolds were fabricated by electrospinning technology. Specific values of voltage and flow rate were fixed to electrospun 7.5 and 15% poly(ɛ-caprolactone) (PCL) solutions according to process stability. Both scaffolds were seeded with MCF-7 breast cancer cells and 7.5% meshes displayed lower cell proliferation compared with 15% scaffolds. Cells cultured in both scaffolds presented a significant Mammosphere Forming Index (MFI) increase, thus indicating a BCSCs enrichment.&#xd;
&#xd;
Results show that three-dimensional cell culture with electrospun 15% PCL scaffolds could be useful to expand BCSCs population facilitating the future development of new therapeutic strategies against this tumour subpopulation</subfield>
   </datafield>
   <datafield ind2=" " ind1=" " tag="520">
      <subfield code="a">This work was funded partially by Spanish grants from Fundación Ramón Areces, Instituto de Salud Carlos III&#xd;
(PI1400329) and by European Regional Development Fund (FEDER) and Ministerio de Economía y Competitividad&#xd;
(DPI2013-45201-P) and the support of the Catalonian government (2014SGR00868)</subfield>
   </datafield>
   <datafield ind1="8" ind2=" " tag="024">
      <subfield code="a">http://hdl.handle.net/10256/15053</subfield>
   </datafield>
   <datafield tag="653" ind2=" " ind1=" ">
      <subfield code="a">Mama -- Càncer</subfield>
   </datafield>
   <datafield tag="653" ind2=" " ind1=" ">
      <subfield code="a">Breast -- Cancer</subfield>
   </datafield>
   <datafield tag="653" ind2=" " ind1=" ">
      <subfield code="a">Materials nanoestructurats</subfield>
   </datafield>
   <datafield tag="653" ind2=" " ind1=" ">
      <subfield code="a">Nanostructured materials</subfield>
   </datafield>
   <datafield tag="653" ind2=" " ind1=" ">
      <subfield code="a">Polímers en medicina</subfield>
   </datafield>
   <datafield tag="653" ind2=" " ind1=" ">
      <subfield code="a">Polymers in medicine</subfield>
   </datafield>
   <datafield tag="653" ind2=" " ind1=" ">
      <subfield code="a">Nanotecnologia</subfield>
   </datafield>
   <datafield tag="653" ind2=" " ind1=" ">
      <subfield code="a">Nanotechnology</subfield>
   </datafield>
   <datafield ind2="0" ind1="0" tag="245">
      <subfield code="a">Electrospinning Parameters Selection to Manufacture Polycaprolactone Scaffolds for Three-dimensional Breast Cancer Cell Culture and Enrichment</subfield>
   </datafield>
</record></metadata></record></GetRecord></OAI-PMH>